Budapest Hitel- és Fejlesztési Bank Zrt. 2015-ös beszámolójának elemzése

Bibliographic Details
Main Author: Karsai Nóra
Other Authors: Siklósi Dr. Ágnes
Format: Thesis
Kulcsszavak:Budapest Bank
Beszámoló elemzés
Bank
Online Access:http://dolgozattar.uni-bge.hu/8525

MARC

LEADER 00000nta a2200000 i 4500
001 dolg8525
005 20161209091329.0
008 161209suuuu hu om 000 hun d
040 |a BGE Dolgozattár Repozitórium  |b hun 
041 |a hu 
100 1 |a Karsai Nóra 
245 1 0 |a Budapest Hitel- és Fejlesztési Bank Zrt. 2015-ös beszámolójának elemzése  |c Karsai Nóra  |h [elektronikus dokumentum] 
695 |a Budapest Bank 
695 |a Beszámoló elemzés 
695 |a Bank 
700 1 |a Siklósi Dr. Ágnes  |e ths 
856 4 0 |u http://dolgozattar.uni-bge.hu/8525/1/Szakdolgozat.pdf  |z Dokumentum-elérés